<?xml version="1.0" encoding="UTF-8"?>
<record
    xmlns:xsi="http://www.w3.org/2001/XMLSchema-instance"
    xsi:schemaLocation="http://www.loc.gov/MARC21/slim http://www.loc.gov/standards/marcxml/schema/MARC21slim.xsd"
    xmlns="http://www.loc.gov/MARC21/slim">

  <leader>01217nam a2200229 a 4500</leader>
  <controlfield tag="003">DO-SdBNP</controlfield>
  <controlfield tag="005">20221020112410.0</controlfield>
  <controlfield tag="007">ta</controlfield>
  <controlfield tag="008">221020e1996    dr adb|gr|||| 001 0 eng d</controlfield>
  <datafield tag="040" ind1=" " ind2=" ">
    <subfield code="a">DO-SdBNP</subfield>
    <subfield code="b">spa</subfield>
    <subfield code="c">BNPHU</subfield>
  </datafield>
  <datafield tag="082" ind1=" " ind2="4">
    <subfield code="2">22</subfield>
    <subfield code="b">T266d</subfield>
  </datafield>
  <datafield tag="245" ind1="1" ind2="0">
    <subfield code="a">Documento de trabajo municipal para la agenda municipal de desarrollo de Cotu&#xED; / </subfield>
    <subfield code="c">Julio C. Tejeda M, Francisco S&#xE1;nchez Mena</subfield>
  </datafield>
  <datafield tag="260" ind1=" " ind2=" ">
    <subfield code="a">Cotu&#xED; :</subfield>
    <subfield code="b">Grupo Municipal de Acci&#xF3;n por la Democracia, </subfield>
    <subfield code="c">1996</subfield>
  </datafield>
  <datafield tag="300" ind1=" " ind2=" ">
    <subfield code="a">75 p :</subfield>
    <subfield code="b">il., gr&#xE1;f., mapas ;</subfield>
    <subfield code="c">23 cm.</subfield>
  </datafield>
  <datafield tag="505" ind1=" " ind2=" ">
    <subfield code="a">PRIMERA PARTE: Diagn&#xF3;stico.</subfield>
    <subfield code="t">El municipio de Cotu&#xED; .--</subfield>
    <subfield code="t">Infraestructura y servicios.--</subfield>
    <subfield code="t">Administraci&#xF3;n y/o operaci&#xF3;n municipal.--</subfield>
    <subfield code="t">Infraestructura organizacional .--</subfield>
    <subfield code="t">Lucha contra la pobreza.--</subfield>
    <subfield code="t">Reforma municipal y descentralizaci&#xF3;n.--</subfield>
    <subfield code="g">SEGUNDA PARTE: Estrategias de Desarrollo Municipal.--</subfield>
    <subfield code="t">TERCERA PARTE: Propuesta.--</subfield>
    <subfield code="t">CUARTE PARTE: Anexos.</subfield>
  </datafield>
  <datafield tag="650" ind1=" " ind2="4">
    <subfield code="9">17752</subfield>
    <subfield code="a">Gobierno Municipal</subfield>
    <subfield code="z">Cotu&#xED; (Rep&#xFA;blica Dominicana)</subfield>
  </datafield>
  <datafield tag="651" ind1=" " ind2="4">
    <subfield code="9">8423</subfield>
    <subfield code="a">Cotu&#xED; (Rep&#xFA;blica Dominicana)</subfield>
    <subfield code="x">Administraci&#xF3;n Municipal </subfield>
  </datafield>
  <datafield tag="700" ind1=" " ind2=" ">
    <subfield code="a">S&#xE1;nchez Mena, Francisco.</subfield>
    <subfield code="9">82556</subfield>
  </datafield>
  <datafield tag="710" ind1="2" ind2=" ">
    <subfield code="9">73495</subfield>
    <subfield code="a">Instituto Tecnol&#xF3;gico del Cibao Oriental.</subfield>
    <subfield code="b">Rep&#xFA;blica Dominicana</subfield>
  </datafield>
  <datafield tag="910" ind1=" " ind2=" ">
    <subfield code="a">Mfeliz</subfield>
  </datafield>
  <datafield tag="942" ind1=" " ind2=" ">
    <subfield code="2">ddc</subfield>
    <subfield code="c">LBS1</subfield>
  </datafield>
  <datafield tag="952" ind1=" " ind2=" ">
    <subfield code="0">0</subfield>
    <subfield code="1">0</subfield>
    <subfield code="2">ddc</subfield>
    <subfield code="5">1</subfield>
    <subfield code="7">0</subfield>
    <subfield code="8">PD</subfield>
    <subfield code="a">BNPHU</subfield>
    <subfield code="b">BNPHU</subfield>
    <subfield code="c">CT</subfield>
    <subfield code="d">2022-10-20</subfield>
    <subfield code="e">Donado por Biblioteca Rep. Dom.</subfield>
    <subfield code="l">0</subfield>
    <subfield code="o">T266d</subfield>
    <subfield code="p">2022-4444</subfield>
    <subfield code="r">2022-10-20</subfield>
    <subfield code="w">2022-10-20</subfield>
    <subfield code="y">LBS1</subfield>
  </datafield>
  <datafield tag="999" ind1=" " ind2=" ">
    <subfield code="c">52596</subfield>
    <subfield code="d">52596</subfield>
  </datafield>
</record>
